000 00289nam a22001217a 4500
008 180310b xxu||||| |||| 00| 0 eng d
041 _aeng
080 _a321
100 _a20
101 _aSHP
245 _aAggression and Violence Throughout the Life Span
_cPeters, R.D
942 _2udc
_cBK
999 _c44652
_d44652